000 00912cam a2200301 i 4500
001 864333
003 Ke-BoTe
005 20220610110743.0
008 790507s1979 paua b 001 0 eng
010 _a 79014825
020 _a0916730158 :
_c$8.95
040 _aDLC
_cDLC
_dDLC
050 0 0 _aRC480.6
_b.U83 1979
060 _aWY87 U85
082 0 0 _a616.8/91
245 0 0 _aUsing crisis intervention wisely.
260 _aHorsham, Pa. :
_bIntermed Communications,
_cc1979.
300 _a192 p. :
_bill. ;
_c24 cm.
490 0 _aNursing skillbook series
500 _a"Nursing79 books."
500 _aIncludes index.
504 _aBibliography: p. 191-192.
650 0 _aCrisis intervention (Mental health services)
_98094
650 0 _aPsychiatric nursing.
_93902
650 2 _aCrisis intervention
_xNursing texts.
_98095
906 _a7
_bcbc
_corignew
_d1
_eocip
_f19
_gy-gencatlg
942 _2lcc
_cBK
_n0
999 _c3850
_d3850